000 003590000a22001570004500
001 000656
003 MACL
040 _aMACL
090 _c656
_d656
100 _aDhawan, Savitri
245 _aMother Goddesses in Early Indian Religion
_cSavitri Dhawan
260 _aNational Publishing House,
_c1999
350 _a350
650 _aReligion
942 _k294
_cBook
999 _c656
_d656